the legend of zelda: Echoes of wisdom all echoes - Statistics

General Stats
  • This quiz has been taken 12 times
  • The average score is 10 of 125
Answer Stats
Answer % Correct
lynel
67%
table
56%
fire wizzrobe
33%
ice wizzrobe
33%
old bed
33%
spear moblin
33%
sword moblin
33%
zol
33%
beamos
22%
bombfish
22%
buzz blob
22%
electric keese
22%
electric wizzrobe
22%
fire keese
22%
hydrozol
22%
ice keese
22%
keese
22%
lizalfos
22%
sword moblin lv. 2
22%
sword moblin lv. 3
22%
water block
22%
zelda's bed
22%
armos
11%
baby gohma
11%
ball and chain trooper
11%
chompfin
11%
club boarblin
11%
crow
11%
darknut
11%
darknut lv. 2
11%
fire octo
11%
firework
11%
flying tile
11%
freezard
11%
freeze slug
11%
gerudo pot
11%
ghini
11%
ice block
11%
ice octo
11%
octorok
11%
piranha
11%
platboom
11%
pot
11%
re-dead
11%
rock
11%
rope
11%
sand piranha
11%
sea urchin
11%
soft bed
11%
spear moblin lv. 2
11%
torch slug
11%
white wolfos
11%
wolfos
11%
wooden box
11%
albatrawl
0%
ancient orb
0%
aruroda
0%
beakon
0%
beetle
0%
beetle mound
0%
bio deku baba
0%
biri
0%
boomerang boarblin lv. 2
0%
boomerang boarlin
0%
boulder
0%
brazier
0%
caromadillo
0%
caromadillo lv. 2
0%
carrot
0%
cat statue
0%
cloud
0%
club boarblin lv. 2
0%
crawltula
0%
darknut lv. 3
0%
decorative shrub
0%
deku baba
0%
deku baba lv. 2
0%
drippitune
0%
elephant statue
0%
ghini lv. 2
0%
ghirro
0%
giant goponga flower
0%
gibdo
0%
gibdo lv. 2
0%
goo specter
0%
grilled fish
0%
guay
0%
gustmaster
0%
hawk statue
0%
hoarder
0%
holmill
0%
hyrule castle pot
0%
igniozol
0%
lava rock
0%
lizalfos lv. 2
0%
lizalfos lv. 3
0%
meat
0%
moa
0%
mothula
0%
mothula lv. 2
0%
needlefly
0%
pathblade
0%
peahat
0%
poe
0%
ribbitune
0%
rock roast
0%
sand crab
0%
sign
0%
snake statue
0%
snowball
0%
snowmaul
0%
spark
0%
spiked roller
0%
strandtula
0%
stuffed toy
0%
tangler
0%
tangler lv. 2
0%
tektite
0%
tektite lv. 2
0%
temper tweedlus
0%
tornando
0%
trampoline
0%
tweedlus
0%
wind cannon
0%
zirro
0%
No matching quizzes found
Score Distribution
Percent of People with Each Score
Percentile by Number Answered
Your Score History
You have not taken this quiz